Guess the band from the emoji - Statistics

General Stats
  • This quiz has been taken 121 times
  • The average score is 5 of 10
Answer Stats
Suggerimento Band % Correct
🔫🌹 Guns N' Roses
96%
😘💋 Kiss
81%
👩👑 Queen
81%
🤔🐲 Imagine Dragons
54%
🪳🪲 Beatles
52%
🔳🟣 Deep Purple
50%
🔄🪨 Rolling Stones
44%
⚪️🇺🇸 White stripes
26%
🐝🤬 Bee Gees
21%
😭👻 Tears for Fears
6%
No matching quizzes found
Score Distribution
Percent of People with Each Score
Percentile by Number Answered
Your Score History
You have not taken this quiz